[Event "Schwaben-ch"]
[Site "Sonthofen"]
[Date "2013.11.02"]
[Round "3.14"]
[White "Maul, Andreas"]
[Black "Eder, Fabian"]
[Result "1-0"]
[WhiteElo "1127"]
[BlackElo "954"]
[PlyCount "109"]
[EventDate "2013.11.01"]
[EventType "swiss"]
[EventRounds "6"]
[EventCountry "GER"]
[SourceTitle "EXT 2022"]
[Source "ChessBase"]
[SourceDate "2021.10.06"]
[SourceVersion "1"]
[SourceVersionDate "2021.10.06"]
[SourceQuality "1"]

1. e4 e5 2. Nf3 Nc6 3. Bb5 Nd4 4. Nxd4 exd4 5. Be2 g6 6. d3 Bg7 7. Bf4 Nf6 8. Nd2 d6 9. Nb3 c5 10. Bf3 Qe7 11. 0-0 0-0 12. Re1 Nd7 13. Qd2 Ne5 14. Bxe5 dxe5 15. Qa5 b6 16. Qd2 a5 17. a4 Ba6 18. Nc1 Rad8 19. c3 dxc3 20. Qxc3 Rc8 21. b3 Rfd8 22. Rd1 Qd6 23. Ra2 c4 24. bxc4 Rxc4 25. Qa3 Qd7 26. h3 Rc6 27. Bg4 Qb7 28. Be2 Bf8 29. Qb3 Rdc8 30. Ra1 Rc2 31. Kf1 R2c3 32. Qb1 Bh6 33. Na2 R3c6 34. Qb3 Qe7 35. Rab1 Qf6 36. Rb2 Rc5 37. d4 Bxe2+ 38. Kxe2 exd4 39. Qd3 Qg5 40. Kf1 Bg7 41. Rb5 Rxb5 42. Qxb5 Rc2 43. Qxg5 Rxa2 44. Qd8+ Bf8 45. Rxd4 Ra1+ 46. Ke2 Ra2+ 47. Kf3 Ra3+ 48. Kf4 Kg7 49. e5 h6 50. Qf6+ Kg8 51. Qxb6 h5 52. Qxa5 Kh7 53. Qc7 Bg7 54. Qxf7 Ra2 55. Qxa2 1-0

[Event "Schwaben-ch"]
[Site "Sonthofen"]
[Date "2013.11.01"]
[Round "1.7"]
[White "Maul, Andreas"]
[Black "Lagasse, Nicolas"]
[Result "0-1"]
[WhiteElo "1127"]
[BlackElo "1684"]
[PlyCount "66"]
[EventDate "2013.11.01"]
[EventType "swiss"]
[EventRounds "6"]
[EventCountry "GER"]
[SourceTitle "EXT 2022"]
[Source "ChessBase"]
[SourceDate "2021.10.06"]
[SourceVersion "1"]
[SourceVersionDate "2021.10.06"]
[SourceQuality "1"]

1. e4 c5 2. Nf3 d6 3. Bc4 Nc6 4. Ng5 e6 5. d3 Be7 6. Nf3 Nf6 7. Bd2 a6 8. a3 b5 9. Ba2 0-0 10. 0-0 a5 11. c3 Ba6 12. Be3 Qc7 13. Bf4 Rfb8 14. Re1 b4 15. e5 Nd7 16. d4 d5 17. Nbd2 bxa3 18. bxa3 Rb2 19. Bb3 c4 20. Ba4 Rab8 21. Bc2 Na7 22. Rb1 Bxa3 23. Bxh7+ Kxh7 24. Ng5+ Kg8 25. Qh5 Nf8 26. Rxb2 Rxb2 27. Rb1 Qb7 28. Ra1 Nb5 29. Qf3 Rc2 30. Nb1 Bc1 31. Nh3 Bxf4 32. g3 Bh6 33. Qd1 Rc1 0-1